| 000 | 00503nam a2200181Ia 4500 | ||
|---|---|---|---|
| 003 | OSt | ||
| 005 | 20260105102726.0 | ||
| 008 | 210210b1911 xxu||||| |||| 00| 0 eng d | ||
| 040 | _cAL | ||
| 041 | _aKannada | ||
| 082 | _a859/1769 | ||
| 100 |
_aVENKATACHARYA (B) _9150769 _dವೆಂಕಟಾಚಾರ್ಯ (ಬಿ). |
||
| 245 |
_aSadhane _bಸಾಧನೆ |
||
| 260 |
_aBengaluru _bSatyashodhana Prakatana Mandira _c1911 |
||
| 690 |
_aKannada Fiction _9150770 |
||
| 906 | _a022490 | ||
| 942 |
_2ddc _cBK |
||
| 999 |
_c146893 _d146893 |
||